000 00466nam a2200133 4500
999 _c14888
_d14888
008 200130b ||||| |||| 00| 0 eng d
082 _22019
_aDC 647.95068
_bL469
245 _aLeadership and team development in hospitality service.
260 _aNew York, NY:
_b3G E-Learning,
_c©2019.
300 _axiv, 260 pages:
_bcolor illustrations;
_c25 cm.
500 _aIncludes references and index.
650 _aHospitality industry
_xLeadership.
_941359
942 _2ddc
_cDC